Journal of cardiovascular electrophysiology (Registro nro. 29527)
[ vista simple ]
| 000 -CABECERA | |
|---|---|
| Longitud fija campo de control | 00611nai a22001817a 4500 |
| 003 - IDENTIFICADOR DELl NÚMERO DE CONTROL | |
| Identificador del número de control | OSt |
| 005 - FECHA Y HORA DE LA ÚLTIMA TRANSACCIÓN | |
| Fecha y hora de la última transacción | 20180717184302.0 |
| 008 - CÓDIGOS DE INFORMACIÓN DE LONGITUD FIJA | |
| Códigos de información de longitud fija | 180615b xxu||||| |||| 00| 0 eng d |
| 040 ## - FUENTE DE LA CATALOGACIÓN | |
| Centro catalogador de origen | BMC |
| Centro transcriptor | BMC |
| 082 ## - NÚMERO DE LA CLASIFICACIÓN DECIMAL DEWEY | |
| Númeroo de clasificación | 616.12 |
| 111 1# - PUNTO DE ACCESO PRINCIPAL-NOMBRE DE CONGRESO | |
| 9 (RLIN) | 42719 |
| Nombre de congreso o jurisdicción como elemento de entrada | International Congress on Cardiac Pacing and Electrophysiology: |
| Sede del congreso | Istanbul, Turkey |
| Fecha del congreso | 2000 |
| 245 00 - MENCIÓN DE TÍTULO | |
| Título | Journal of cardiovascular electrophysiology |
| 260 ## - PUBLICACIÓN, DISTRIBUCIÓN, ETC. (PIE DE IMPRENTA) | |
| Lugar de publicación, distribución, etc. | New York |
| Nombre del editor, distribuidor, etc. | The Cardiac Electrophysiology society |
| Fecha de publicación, distribución, etc. | 2000 |
| 300 ## - DESCRIPCIÓN FÍSICA | |
| Extensión | 2 V |
| Dimensiones | 28 cm |
| 490 ## - MENCIÓN DE SERIE | |
| Mención de serie | Journal of cardiovascular electrophysiology |
| Designación de volumen o secuencia | V. 11, 1-2 |
| 650 24 - PUNTO DE ACCESO ADICIONAL DE MATERIA - TÉRMINO DE MATERIA | |
| 9 (RLIN) | 24283 |
| Término de materia o nombre geográfico como elemento inicial | Cardiología |
| 942 ## - ENTRADA DE ELEMENTOS AGREGADOS (KOHA) | |
| Fuente de clasificaión o esquema | Dewey Decimal Classification |
| Koha [por defecto] tipo de item | 2- Prensa y Revistas |
| Suprimido | Perdido | Fuente de clasificación o esquema | Estropeado | Restricciones de uso | No para préstamo | Código de colección | Localización permanente | Localización actual | Localización en estanter&íacute;as | Fecha adquisición | Fuente de adquisición | Número de inventario | Préstamos totales | Signatura completa | Código de barras | Fecha última consulta | Fecha del precio de reemplazo | Tipo de item de Koha |
|---|---|---|---|---|---|---|---|---|---|---|---|---|---|---|---|---|---|---|
| NULL | NULL | Dewey Decimal Classification | NULL | NULL | NULL | NULL | Biblioteca Miguel de Cervantes - UNICAES | Biblioteca Miguel de Cervantes - UNICAES | Sala Principal | 30/06/2008 | Donación - Romeo Tovar Astorga | 000024 | MED-000024 (v.11-1) | 1044359 | 22/06/2018 | 22/06/2018 | 2- Prensa y Revistas | |
| NULL | NULL | Dewey Decimal Classification | NULL | NULL | NULL | NULL | Biblioteca Miguel de Cervantes - UNICAES | Biblioteca Miguel de Cervantes - UNICAES | Sala Principal | 30/06/2008 | Donación - Romeo Tovar Astorga | 000025 | MED-000025 (v.11-2) | 1044360 | 22/06/2018 | 22/06/2018 | 2- Prensa y Revistas |